00530nam a22001697a 4500003000900000005001700009007000300026008004100029020001800070040002500088082001600113100002400129245004700153260006400200300002100264500007500285DO-SdBNP20220520084649.0ta110301s2013 dr 000 p spa d a9789945475777 aDO-SdBNPbspacBNPHU 4axxxxbC764s1 aContreras, Marivell13aEl silencio de abril /cMarivell Contreras aSanto Domingo :bRumbo Este,bMinisterio de Cultura,c2013. a125 p. :c23 cm. aIncluye datos biográficos de la autora en la solapa de la portada.